000 01125nam a2200265Ia 4500
005 20211111080514.0
008 130821s2000 mx fr 1 spa d
020 _a9683663044
040 _aCo-BoUCM
_bspa
_cSaul Niño (Modificó)
_dSaul Niño (Modificó)
041 0 0 _aspa
245 0 0 _aDisyuntiva actual de la educación superior
_bdocumentos
_cJ. Rafael Campos Sánchez, compilador
260 _aMéxico D.F. (México)
_bPraxis Universidad Nacional Autónoma de México
_c2000
300 _a153 páginas
490 0 _aAntologías
500 _aIncluye índice
500 _aCompilation of documents, some issued by the World Bank or Unesco in 1994 and 1995, some presented at conferences by Unesco in 1996 and 1998.
650 7 _aEducación
_vCongresos, conferencias, etc.
_zLatinoamérica
_913779
650 7 _aEducación
_vCongresos, conferencias, etc.
_zColombia
_913779
690 0 _aEducación superior
_9177
700 1 _aCampos Sánchez, J. Rafael
_978783
710 2 _aUnesco
_963065
710 2 _aWorld Bank
_94764
942 _cLIBRO
_a10
_e1
_2DEWEY
_h378.1
_mD614ac
999 _c59286
_d59286